| 000 | 00713nam a2200289Ia 4500 | ||
|---|---|---|---|
| 005 | 20260324145046.0 | ||
| 008 | 008 260324s9999 xx 000 0 eng d | ||
| 020 | _a9781003419020 | ||
| 037 | _aEBOOK | ||
| 040 | _aCRL | ||
| 040 | _beng | ||
| 040 | _cCRL | ||
| 041 | _2eng | ||
| 041 | _aeng | ||
| 084 | _qCRL | ||
| 100 |
_aJames Brown _91144302 |
||
| 245 | 4 | _aThe Regionalization of Warfare | |
| 245 | 4 | _bThe Falkland/Malvinas Islands, Lebanon, and the Iran-Iraq Conflict | |
| 260 | _bTaylor and Francis | ||
| 260 | _c1985 | ||
| 365 | _a | ||
| 365 | _b145 | ||
| 856 | _uhttp://www.taylorfrancis.com/books/9781003419020 | ||
| 942 | _cEBOOK | ||
| 999 |
_c1828998 _d1828998 |
||